Deutsche Städte mit "E" - Statistiken

Allgemein
  • Dieses Quiz wurde 169 mal gespielt
  • Das Durchschnittsergebnis liegt bei 23 aus 81
Antwortstatistiken
Bundesland Stadt % Korrekt
Nordrhein-Westfalen Essen
91%
Thüringen Erfurt
82%
Baden-Württemberg Esslingen am Neckar
79%
Bayern Erlangen
77%
Niedersachsen Emden
76%
Baden-Württemberg Euskirchen
75%
Thüringen Eisenach
65%
Baden-Württemberg Endingen am Kaiserstuhl
63%
Baden-Württemberg Emmendingen
62%
Nordrhein-Westfalen Eschweiler
62%
Sachsen-Anhalt Eisleben
59%
Bayern Erding
57%
Sachsen Eutin
55%
Schleswig-Holstein Elmshorn
52%
Brandenburg Eberswalde
50%
Baden-Württemberg Ellwangen (Jagst)
49%
Baden-Württemberg Ettlingen
49%
Nordrhein-Westfalen Erftstadt
48%
Bayern Eichstätt
47%
Hessen Erbach (Odenwald)
47%
Schleswig-Holstein Eckernförde
45%
Baden-Württemberg Ehingen (Donau)
45%
Baden-Württemberg Eppingen
42%
Baden-Württemberg Erbach
42%
Nordrhein-Westfalen Erkrath
42%
Brandenburg Eisenhüttenstadt
41%
Nordrhein-Westfalen Erkelenz
41%
Thüringen Eisenberg
40%
Sachsen Eilenburg
38%
Rheinland-Pfalz Eisenberg (Pfalz)
38%
Bayern Ebersberg
36%
Baden-Württemberg Eberbach
34%
Baden-Württemberg Ebersbach an der Fils
34%
Sachsen Ebersbach-Neugersdorf
34%
Nordrhein-Westfalen Ennepetal
32%
Hessen Eschborn
32%
Bayern Eggenfelden
31%
Brandenburg Elsterwerda
24%
Nordrhein-Westfalen Enger
24%
Nordrhein-Westfalen Emmerich am Rhein
23%
Nordrhein-Westfalen Emsdetten
23%
Sachsen Ehrenfriedersdorf
22%
Baden-Württemberg Engen
21%
Hessen Eschwege
19%
Bayern Eschenbach in der Oberpfalz
16%
Baden-Württemberg Eislingen/Fils
15%
Sachsen Elsterberg
15%
Sachsen Elstra
15%
Bayern Eltmann
15%
Niedersachsen Esens
15%
Thüringen Eisfeld
14%
Sachsen Eibenstock
13%
Niedersachsen Einbeck
11%
Nordrhein-Westfalen Espelkamp
10%
Hessen Eppstein
9%
Baden-Württemberg Erlenbach am Main
8%
Bayern Ebermannstadt
7%
Bayern Ebern
7%
Rheinland-Pfalz Edenkoben
7%
Bayern Ellingen
7%
Niedersachsen Elze
7%
Baden-Württemberg Eppelheim
7%
Brandenburg Erkner
6%
Nordrhein-Westfalen Erwitte
6%
Sachsen-Anhalt Egeln
5%
Mecklenburg-Vorpommern Eggesin
5%
Nordrhein-Westfalen Elsdorf
5%
Hessen Erlensee
5%
Niedersachsen Elsfleth
4%
Sachsen Elterlein
4%
Nordrhein-Westfalen Ennigerloh
4%
Thüringen Ellrich
3%
Niedersachsen Eschershausen
3%
Bayern Elzach
2%
Rheinland-Pfalz Emmelshausen
2%
Thüringen Ebeleben
1%
Baden-Württemberg Ettenheim
1%
Sachsen-Anhalt Eckartsberga
0%
Bayern Eibelstadt
0%
Hessen Eltville am Rhein
0%
Bayern Erbendorf
0%
Keine übereinstimmenden Quizze gefunden
Verteilung der Resultate
Anzahl Personen mit jedem Resultat
Perzentil nach korrekt beantworteten Fragen
Ihre Resultats-Entwicklung
Sie haben dieses Quiz noch nicht gespielt